[Event "Pfalz op-B 11th"]
[Site "Neustadt an der Weinstrasse"]
[Date "2020.02.22"]
[Round "2"]
[White "Scheid, Lennart"]
[Black "Rabiya, Karim"]
[Result "0-1"]
[WhiteElo "1701"]
[BlackElo "1793"]
[PlyCount "88"]
[EventDate "2020.02.21"]
[EventType "swiss"]
[EventRounds "7"]
[EventCountry "GER"]
[SourceTitle "CBM 195 Extra"]
[Source "ChessBase"]
[SourceDate "2020.05.31"]
[SourceVersion "1"]
[SourceVersionDate "2020.05.31"]
[SourceQuality "1"]

1. e4 Nf6 2. e5 Nd5 3. d4 d6 4. exd6 cxd6 5. c4 Nc7 6. Bd3 g6 7. Nf3 Bg7 8. Bg5 Bg4 9. Qa4+ Nd7 10. Nbd2 Ne6 11. Be3 f5 12. d5 Nec5 13. Bxc5 dxc5 14. Ng5 Qb6 15. Rb1 Qb4 16. Qxb4 cxb4 17. h3 Bh5 18. Rg1 Nc5 19. Bc2 Bf6 20. Ne6 Nxe6 21. dxe6 f4 22. Ne4 0-0-0 23. Ba4 Rd4 24. Bd7+ Kc7 25. Nxf6 exf6 26. f3 g5 27. b3 Be8 28. Rd1 Rxd1+ 29. Kxd1 Bxd7 30. exd7 Kxd7 31. Kc2 Re8 32. Rd1+ Kc6 33. Rd2 h5 34. Kd1 Re7 35. Re2 Rxe2 36. Kxe2 Kc5 37. Kd3 f5 38. Ke2 Kd4 39. Kd2 b6 40. Ke2 a5 41. Kd2 g4 42. Ke2 g3 43. Kd2 h4 44. Ke2 Kc3 0-1

[Event "Wiesbaden op 31st"]
[Site "Wiesbaden"]
[Date "2019.08.25"]
[Round "7"]
[White "Scheid, Lennart"]
[Black "Schneider, Joerg"]
[Result "0-1"]
[WhiteElo "1463"]
[BlackElo "2127"]
[PlyCount "80"]
[EventDate "2019.08.22"]
[EventType "swiss"]
[EventRounds "7"]
[EventCountry "GER"]
[SourceTitle "EXT 2020"]
[Source "ChessBase"]
[SourceDate "2019.10.17"]
[SourceVersion "1"]
[SourceVersionDate "2019.10.17"]
[SourceQuality "1"]

1. e4 c5 2. Nc3 g6 3. g3 Bg7 4. Bg2 Nc6 5. f4 d6 6. Nge2 e6 7. d3 Nge7 8. Be3 Nd4 9. 0-0 0-0 10. Rc1 Rb8 11. Qe1 b5 12. Qf2 b4 13. Nd1 Nxe2+ 14. Qxe2 Qa5 15. Ra1 f5 16. g4 fxe4 17. dxe4 Ba6 18. Qf2 Bxf1 19. Bxf1 Bd4 20. Bxd4 cxd4 21. Qxd4 Qc5 22. Qxc5 dxc5 23. Bc4 Rxf4 24. Bxe6+ Kg7 25. Nf2 Rb6 26. Bc4 Nc6 27. Bd3 Ne5 28. Be2 Rd6 29. Rd1 Rxd1+ 30. Bxd1 Rf8 31. Be2 Rd8 32. Nd3 Nxd3 33. Bxd3 Kf6 34. Kg2 Ke5 35. Kf3 g5 36. Ke3 Rd6 37. Kf3 Rh6 38. Kg3 Kd4 39. Kg2 c4 40. Be2 Ra6 0-1

[Event "Baden-ch U1400"]
[Site "Walldorf"]
[Date "2017.07.28"]
[Round "3"]
[White "Scheid, Lennart"]
[Black "Gan, Lukas Wentao"]
[Result "1-0"]
[WhiteElo "1394"]
[BlackElo "1099"]
[PlyCount "29"]
[EventDate "2017.07.26"]
[EventType "swiss"]
[EventRounds "7"]
[EventCountry "GER"]
[SourceTitle "EXT 2018"]
[Source "ChessBase"]
[SourceDate "2017.10.13"]
[SourceVersion "1"]
[SourceVersionDate "2017.10.13"]
[SourceQuality "1"]

1. e4 e6 2. d4 d5 3. exd5 exd5 4. c4 c6 5. Nf3 Bg4 6. h3 Bh5 7. Nc3 Nf6 8. g4 Bg6 9. Qb3 Be4 10. Nxe4 Nxe4 11. Qxb7 Nd7 12. cxd5 cxd5 13. Qxd5 Ndf6 14. Bb5+ Ke7 15. Qe5# 1-0

[Event "Baden-ch U1400"]
[Site "Walldorf"]
[Date "2017.07.27"]
[Round "2"]
[White "Burkart, Lloyd Shang"]
[Black "Scheid, Lennart"]
[Result "0-1"]
[WhiteElo "907"]
[BlackElo "1394"]
[PlyCount "148"]
[EventDate "2017.07.26"]
[EventType "swiss"]
[EventRounds "7"]
[EventCountry "GER"]
[SourceTitle "EXT 2018"]
[Source "ChessBase"]
[SourceDate "2017.10.13"]
[SourceVersion "1"]
[SourceVersionDate "2017.10.13"]
[SourceQuality "1"]

1. d4 d5 2. c4 c6 3. cxd5 cxd5 4. Nc3 Nf6 5. Bf4 Nc6 6. e3 a6 7. Bd3 e6 8. Nf3 Qb6 9. b3 Bb4 10. Qc2 Qa5 11. Rc1 Bxc3+ 12. Qxc3 Nb4 13. 0-0 Nc6 14. Qxa5 Nxa5 15. Ne5 Nd7 16. b4 Nxe5 17. Bxe5 f6 18. bxa5 fxe5 19. dxe5 0-0 20. Rc2 Bd7 21. Rfc1 Bc6 22. h3 Rfe8 23. Rb1 g5 24. f3 Rf8 25. Rbb2 Rf7 26. Be2 Rf5 27. Kh2 Rxe5 28. Rb3 d4 29. e4 Rxa5 30. Rcb2 Rc5 31. Rb6 Rd8 32. Rd2 Kf7 33. Bd3 e5 34. Rbb2 Rd7 35. Re2 Rc3 36. Bb1 Bb5 37. Rf2 Re3 38. Rb3 d3 39. Rd2 Re2 40. Rbb2 h5 41. Kh1 h4 42. Kg1 Ke7 43. Kh1 Re3 44. Rb3 Re2 45. Rbb2 Rc7 46. Kh2 Rc1 47. Bxd3 Ree1 48. g4 hxg3+ 49. Kxg3 Rg1+ 50. Rg2 Rxg2+ 51. Kxg2 Bxd3 52. Rxb7+ Kd6 53. Rb6+ Rc6 54. Rb2 Rc2+ 55. Rxc2 Bxc2 56. Kg3 Ke6 57. Kg4 Kf6 58. a3 Bd1 59. Kg3 Kg6 60. Kg4 Be2 61. Kg3 Kh5 62. a4 a5 63. Kg2 Kh4 64. Kf2 Bd1 65. Kg2 Bxa4 66. Kh2 Bd1 67. Kg2 a4 68. Kf2 a3 69. Kg2 a2 70. Kf2 a1Q 71. Kg2 Qb2+ 72. Kg1 Bxf3 73. Kf1 Qe2+ 74. Kg1 Qg2# 0-1